[Event "YUG-chT (Women)"]
[Site "Herceg Novi"]
[Date "2001.05.??"]
[Round "4"]
[White "Nikolin, Zorica"]
[Black "Khurtsidze, Nino"]
[Result "0-1"]
[WhiteElo "2162"]
[BlackElo "2459"]
[PlyCount "61"]
[EventDate "2001.05.??"]
[EventType "team-tourn"]
[EventRounds "11"]
[EventCountry "YUG"]
[SourceTitle "CBM 082 Extra"]
[Source "ChessBase"]
[SourceDate "2001.07.03"]
[SourceVersion "1"]
[SourceVersionDate "2001.07.03"]
[SourceQuality "1"]

1. e4 c5 2. Nf3 e6 3. d4 cxd4 4. Nxd4 Nc6 5. Nb5 d6 6. c4 Nf6 7. N1c3 a6 8. Na3 b6 9. Be3 Be7 10. Be2 Ne5 11. f4 Ned7 12. Bf3 Bb7 13. Qe2 0-0 14. 0-0 Qc7 15. Rac1 Rfe8 16. g4 Nc5 17. Qg2 Rac8 18. g5 Nfd7 19. Rfd1 Nf8 20. Nab1 Qb8 21. f5 Ncd7 22. f6 Bd8 23. Bf4 Ne5 24. Bh5 Nfg6 25. Bxg6 hxg6 26. Bxe5 dxe5 27. fxg7 Kxg7 28. Rd7 Rc7 29. Rcd1 Rxd7 30. Rxd7 Bc8 31. Rd3 0-1

[Event "YUG-chT (Women)"]
[Site "Herceg Novi"]
[Date "2001.05.??"]
[Round "11"]
[White "Nikolin, Zorica"]
[Black "Stojanovic, Andjelija"]
[Result "1/2-1/2"]
[WhiteElo "2162"]
[BlackElo "2112"]
[PlyCount "54"]
[EventDate "2001.05.??"]
[EventType "team-tourn"]
[EventRounds "11"]
[EventCountry "YUG"]
[SourceTitle "CBM 082 Extra"]
[Source "ChessBase"]
[SourceDate "2001.07.03"]
[SourceVersion "1"]
[SourceVersionDate "2001.07.03"]
[SourceQuality "1"]

1. e4 c5 2. Nf3 Nc6 3. d4 cxd4 4. Nxd4 Nf6 5. Nc3 e5 6. Ndb5 d6 7. Bg5 a6 8. Na3 b5 9. Nd5 Be7 10. Bxf6 Bxf6 11. c3 0-0 12. Nc2 Bg5 13. a4 bxa4 14. Rxa4 a5 15. Bb5 Ne7 16. Nxe7+ Qxe7 17. 0-0 Bb7 18. Qd3 Rfd8 19. Ne3 Bxe3 20. Qxe3 d5 21. exd5 Bxd5 22. c4 Qb7 23. f3 e4 24. cxd5 Qxb5 25. Rxe4 Qxd5 26. Re1 h6 27. Re5 Qd4 1/2-1/2

[Event "YUG-chT (Women)"]
[Site "Kragujevac"]
[Date "2000.12.18"]
[Round "8"]
[White "Zelenaja Azaric, Galina"]
[Black "Nikolin, Zorica"]
[Result "1/2-1/2"]
[WhiteElo "2081"]
[BlackElo "2153"]
[PlyCount "21"]
[EventDate "2000.12.11"]
[EventType "team-tourn"]
[EventRounds "11"]
[EventCountry "YUG"]
[SourceTitle "CBM 079 Extra"]
[Source "ChessBase"]
[SourceDate "2001.01.11"]
[SourceVersion "2"]
[SourceVersionDate "2001.01.25"]
[SourceQuality "1"]

1. e4 g6 2. d3 Bg7 3. Nf3 d6 4. g3 Nf6 5. Bg2 0-0 6. 0-0 e5 7. c3 Nbd7 8. Be3 c6 9. h3 Qc7 10. Nbd2 b6 11. Kh2 1/2-1/2

[Event "YUG-chT (Women)"]
[Site "Kragujevac"]
[Date "2000.12.14"]
[Round "4"]
[White "Nikolin, Zorica"]
[Black "Mihajlovic, Milena"]
[Result "1-0"]
[WhiteElo "2153"]
[BlackElo "2115"]
[PlyCount "125"]
[EventDate "2000.12.11"]
[EventType "team-tourn"]
[EventRounds "11"]
[EventCountry "YUG"]
[SourceTitle "CBM 079 Extra"]
[Source "ChessBase"]
[SourceDate "2001.01.11"]
[SourceVersion "2"]
[SourceVersionDate "2001.01.25"]
[SourceQuality "1"]

1. e4 e6 2. d4 d5 3. Nc3 Bb4 4. a3 Be7 5. Be3 Nf6 6. e5 Nfd7 7. f4 c5 8. Nf3 Nc6 9. Qd2 cxd4 10. Nxd4 Nxd4 11. Bxd4 Bc5 12. Nb5 0-0 13. Bd3 a6 14. Bxc5 Nxc5 15. Nd4 f6 16. Qe3 Bd7 17. exf6 Qxf6 18. 0-0 Rae8 19. Rae1 Rf7 20. g3 Rfe7 21. Qe5 Bc8 22. Nf3 Nd7 23. Qd4 h6 24. Ne5 Nxe5 25. Rxe5 Bd7 26. Rfe1 Kf7 27. c4 Bc6 28. c5 Rc7 29. b4 Qd8 30. f5 exf5 31. Rxe8 Bxe8 32. Bxf5 Re7 33. Rxe7+ Qxe7 34. Qxd5+ Kf6 35. Be4 Bg6 36. Qd4+ Kf7 37. Bxg6+ Kxg6 38. Kf2 Kh7 39. Kf3 Qf7+ 40. Qf4 Qb3+ 41. Qe3 Qf7+ 42. Ke4 Qe6+ 43. Kd4 Qf6+ 44. Kc4 Qf7+ 45. Kc3 Kh8 46. Qf4 Qe8 47. Kd4 Qd7+ 48. Qd6 Qg4+ 49. Ke5 Qe2+ 50. Kf5 Qxh2 51. Qb8+ Kh7 52. Qxb7 Qf2+ 53. Ke6 Qxg3 54. Qe4+ Kh8 55. c6 Qb3+ 56. Kd6 Qf7 57. c7 Qf8+ 58. Kd7 Qf7+ 59. Kd8 Qf6+ 60. Kd7 Qf7+ 61. Kc6 Qf6+ 62. Kb7 Qf7 63. Kb8 1-0

[Event "YUG-chT (Women)"]
[Site "Kragujevac"]
[Date "2000.12.12"]
[Round "2"]
[White "Nikolin, Zorica"]
[Black "Petrovic, Marija"]
[Result "0-1"]
[WhiteElo "2153"]
[BlackElo "2231"]
[PlyCount "117"]
[EventDate "2000.12.11"]
[EventType "team-tourn"]
[EventRounds "11"]
[EventCountry "YUG"]
[SourceTitle "CBM 079 Extra"]
[Source "ChessBase"]
[SourceDate "2001.01.11"]
[SourceVersion "2"]
[SourceVersionDate "2001.01.25"]
[SourceQuality "1"]

1. e4 g6 2. d4 Bg7 3. Nc3 d6 4. Be3 a6 5. Qd2 Nd7 6. h4 h5 7. Nh3 Ndf6 8. f3 Bxh3 9. Rxh3 c6 10. Be2 b5 11. a4 Qb8 12. Nd1 e6 13. Qa5 b4 14. c3 bxc3 15. bxc3 Ne7 16. Bd3 d5 17. Rb1 Qc8 18. Bg5 Nd7 19. Bxe7 Kxe7 20. exd5 exd5 21. f4 Re8 22. Re3+ Kf8 23. Rxe8+ Qxe8+ 24. Kf1 Bf6 25. g3 Qe6 26. Nf2 Re8 27. Qxa6 Kg7 28. Kg2 Bd8 29. Qa7 Nf6 30. Rb7 Re7 31. Rxe7 Bxe7 32. Qb8 Bd6 33. Qb2 Qe7 34. Qd2 Qe8 35. Qc2 Qe1 36. a5 Qa1 37. a6 c5 38. dxc5 Bxc5 39. Nd1 d4 40. cxd4 Qxd4 41. Nf2 Ng4 42. Nxg4 hxg4 43. Kf1 Qe3 44. Be4 Bd4 45. Bb7 Qxg3 46. Qd2 Be3 47. Qc3+ Kh7 48. Ke2 Qf2+ 49. Kd3 Qxf4 50. h5 Ba7 51. hxg6+ Kxg6 52. Qc6+ Kg5 53. Qd5+ Kh6 54. Qc6+ Kg7 55. Qc3+ f6 56. Qe1 Qd4+ 57. Kc2 Qa4+ 58. Kd3 Qa3+ 59. Kc2 0-1

[Event "YUG-ch (Women)"]
[Site "Belgrade"]
[Date "1999.10.28"]
[Round "10"]
[White "Maric, Mirjana"]
[Black "Nikolin, Zorica"]
[Result "1-0"]
[WhiteElo "2316"]
[BlackElo "2209"]
[PlyCount "79"]
[EventDate "1999.10.18"]
[EventType "tourn"]
[EventRounds "13"]
[EventCountry "YUG"]
[EventCategory "1"]
[SourceTitle "CBM 073 Extra"]
[Source "ChessBase"]
[SourceDate "2000.01.11"]
[SourceVersion "1"]
[SourceVersionDate "2000.01.11"]
[SourceQuality "1"]

1. e4 g6 2. d4 Bg7 3. Nc3 d6 4. f4 c6 5. Nf3 Bg4 6. Be3 b5 7. Bd3 e5 8. dxe5 dxe5 9. 0-0 Nd7 10. h3 Bxf3 11. Qxf3 Ne7 12. Rad1 exf4 13. Qxf4 0-0 14. Nxb5 Ne5 15. Nd4 Qc7 16. Nb3 Rad8 17. Bc5 Rd7 18. Be2 Rfd8 19. Rxd7 Rxd7 20. Be3 Nc8 21. Nc5 Re7 22. Rd1 Nb6 23. b3 Nbd7 24. Qf2 a5 25. Bf4 Qa7 26. Nxd7 Qxf2+ 27. Kxf2 Rxd7 28. Rxd7 Nxd7 29. Bd2 Bd4+ 30. Kf3 Bb6 31. Bc3 f6 32. Ba6 Kf7 33. Bb7 c5 34. Ke2 Ne5 35. Bxe5 fxe5 36. Kd3 Ke7 37. Kc4 Kd6 38. Kb5 Kc7 39. Bd5 g5 40. Bg8 1-0

[Event "YUG-ch (Women)"]
[Site "Belgrade"]
[Date "1999.10.25"]
[Round "7"]
[White "Manakova, Maria"]
[Black "Nikolin, Zorica"]
[Result "1/2-1/2"]
[WhiteElo "2349"]
[BlackElo "2209"]
[PlyCount "96"]
[EventDate "1999.10.18"]
[EventType "tourn"]
[EventRounds "13"]
[EventCountry "YUG"]
[EventCategory "1"]
[SourceTitle "CBM 073 Extra"]
[Source "ChessBase"]
[SourceDate "2000.01.11"]
[SourceVersion "1"]
[SourceVersionDate "2000.01.11"]
[SourceQuality "1"]

1. e4 c5 2. Nf3 d6 3. d4 cxd4 4. Nxd4 Nf6 5. Nc3 g6 6. Be3 Bg7 7. f3 Nc6 8. Qd2 0-0 9. Bc4 Qa5 10. Bb3 Nxd4 11. Bxd4 Be6 12. 0-0 Rfc8 13. Rfd1 Bc4 14. Kh1 Qh5 15. Qf2 b6 16. Be3 Qe5 17. Rd4 Qe6 18. Rxc4 Rxc4 19. Qe2 Rac8 20. Nb5 d5 21. Nxa7 R8c5 22. Bxc4 Rxc4 23. exd5 Qxd5 24. Rd1 Qe6 25. Rd8+ Bf8 26. Bh6 Nd7 27. Bxf8 Nxf8 28. Qxe6 fxe6 29. Rd2 Ra4 30. Nc8 Rxa2 31. Kg1 Rxb2 32. Nxe7+ Kf7 33. Nc6 g5 34. Kf2 Kf6 35. Ke3 Ng6 36. g3 Rb5 37. Nd4 Re5+ 38. Kf2 Rc5 39. Ke3 Ne5 40. Kf2 Nc4 41. Re2 e5 42. Nb3 Rc6 43. Ke1 Na3 44. Kd1 Nb5 45. Kc1 Nd4 46. Nxd4 exd4 47. Kd2 Rc3 48. Rf2 h5 1/2-1/2

[Event "EU-Cup (Women) 04th"]
[Site "Nova Gorica"]
[Date "1999.06.29"]
[Round "2.4"]
[White "Nikolin, Zorica"]
[Black "Kalinina, Vladislava"]
[Result "1/2-1/2"]
[WhiteElo "2212"]
[BlackElo "2199"]
[PlyCount "98"]
[EventDate "1999.06.28"]
[EventType "team-swiss"]
[EventRounds "7"]
[EventCountry "SLO"]
[SourceTitle "EXT 2013"]
[Source "ChessBase"]
[SourceDate "2012.11.22"]
[SourceVersion "1"]
[SourceVersionDate "2012.11.22"]
[SourceQuality "1"]
[WhiteTeam "Bucharest Politehnica (W)"]
[BlackTeam "Kiev Mriya Grandmaster School (W)"]
[WhiteTeamCountry "ROU"]
[BlackTeamCountry "UKR"]

1. e4 e5 2. Nf3 d6 3. d4 Nf6 4. Nc3 Nbd7 5. Bc4 Be7 6. a4 a5 7. Qe2 0-0 8. 0-0 c6 9. Re1 Qc7 10. h3 exd4 11. Nxd4 Ne5 12. Ba2 Re8 13. Be3 b6 14. f4 Ba6 15. Qf2 Nc4 16. Bxc4 Bxc4 17. Nf5 Rab8 18. Nxe7+ Rxe7 19. Bd4 Nd7 20. Bxg7 Kxg7 21. Qd4+ f6 22. Qxc4 Nc5 23. Re2 Rbe8 24. Rae1 Re6 25. Qd4 Qe7 26. g4 h6 27. Qf2 Qf7 28. Qf3 Kh8 29. Qg3 Qh7 30. Qh4 Kg7 31. f5 Re5 32. Qh5 Kf8 33. Kf2 R5e7 34. Kf3 Qg7 35. b3 Nd7 36. Kg2 Ne5 37. Kf2 Nf7 38. Re3 Ng5 39. h4 Nf7 40. Qg6 Qxg6 41. fxg6 Ne5 42. Kg3 Nxg6 43. Rf1 Kg7 44. Rd3 Rd8 45. Rfd1 Re6 46. Rd4 d5 47. Kf2 Rc8 48. R1d2 dxe4 49. Nxe4 Ne5 1/2-1/2

[Event "YUG-ch sf (Women)"]
[Site "Belgrade"]
[Date "1999.??.??"]
[Round "6"]
[White "Nikolin, Zorica"]
[Black "Nestorovic, Irena"]
[Result "1/2-1/2"]
[WhiteElo "2212"]
[BlackElo "2058"]
[PlyCount "60"]
[EventDate "1999.??.??"]
[EventType "swiss"]
[EventRounds "11"]
[EventCountry "YUG"]
[SourceTitle "EXT 2002"]
[Source "ChessBase"]
[SourceDate "2001.11.25"]
[SourceVersion "1"]
[SourceVersionDate "2001.11.25"]
[SourceQuality "1"]

1. e4 e5 2. Nf3 Nc6 3. d4 exd4 4. Nxd4 Bb4+ 5. c3 Be7 6. Be3 d6 7. Be2 Nf6 8. Nd2 0-0 9. 0-0 Ne5 10. h3 Re8 11. f4 Ng6 12. Bd3 Bf8 13. Qf3 c5 14. Ne2 Qe7 15. Bf2 Bd7 16. c4 Bc6 17. Nc3 Qd7 18. Rae1 a6 19. g4 Kh8 20. g5 Ng8 21. h4 N6e7 22. f5 f6 23. Nd5 Rab8 24. Bg3 Nc8 25. Nf4 Na7 26. Qh5 Ne7 27. gxf6 gxf6 28. Qf7 Ng8 29. Qxd7 Bxd7 30. Nd5 Nc6 1/2-1/2

[Event "YUG-chT (Women)"]
[Site "Vrnjacka Banja"]
[Date "1999.??.??"]
[Round "9"]
[White "Nikolin, Zorica"]
[Black "Von Wantoch Rekowski, Danijela"]
[Result "1/2-1/2"]
[WhiteElo "2209"]
[BlackElo "2090"]
[PlyCount "42"]
[EventDate "1999.08.??"]
[EventType "team-tourn"]
[EventRounds "9"]
[EventCountry "YUG"]
[SourceTitle "EXT 2000"]
[Source "ChessBase"]
[SourceDate "1999.11.16"]
[SourceVersion "1"]
[SourceVersionDate "1999.11.16"]
[SourceQuality "1"]

1. e4 e5 2. Nf3 Nf6 3. d3 Nc6 4. c3 d5 5. Qc2 h6 6. Be2 Bd6 7. b4 dxe4 8. dxe4 0-0 9. 0-0 a5 10. b5 Na7 11. a4 c5 12. Na3 b6 13. Nc4 Bc7 14. Rd1 Qe7 15. Ne3 Be6 16. Bc4 Bxc4 17. Nxc4 Rad8 18. Ba3 Nc8 19. Ne3 Rxd1+ 20. Rxd1 Rd8 21. Rd2 Qe6 1/2-1/2

[Event "Skopje op"]
[Site "Skopje"]
[Date "1998.12.18"]
[Round "7"]
[White "Organdziev, Oliver"]
[Black "Nikolin, Zorica"]
[Result "1/2-1/2"]
[WhiteElo "2310"]
[BlackElo "2230"]
[PlyCount "25"]
[EventDate "1998.12.??"]
[EventType "swiss"]
[EventRounds "9"]
[EventCountry "MKD"]
[SourceTitle "EXT 2000"]
[Source "ChessBase"]
[SourceDate "1999.11.16"]
[SourceVersion "1"]
[SourceVersionDate "1999.11.16"]
[SourceQuality "1"]

1. e4 c5 2. Nf3 Nc6 3. Bb5 g6 4. 0-0 Bg7 5. Nc3 e5 6. Bxc6 dxc6 7. d3 Qe7 8. a3 Nf6 9. b4 Nd7 10. b5 Nf8 11. h3 Ne6 12. a4 0-0 13. Ne2 1/2-1/2

[Event "Skopje op"]
[Site "Skopje"]
[Date "1998.12.13"]
[Round "2"]
[White "Andonovski, Ljubisa"]
[Black "Nikolin, Zorica"]
[Result "1-0"]
[WhiteElo "2390"]
[BlackElo "2230"]
[PlyCount "117"]
[EventDate "1998.12.??"]
[EventType "swiss"]
[EventRounds "9"]
[EventCountry "MKD"]
[SourceTitle "EXT 2000"]
[Source "ChessBase"]
[SourceDate "1999.11.16"]
[SourceVersion "1"]
[SourceVersionDate "1999.11.16"]
[SourceQuality "1"]

1. d4 Nf6 2. c4 g6 3. Nc3 Bg7 4. e4 d6 5. f3 c6 6. Be3 a6 7. a4 a5 8. Bd3 Na6 9. Rc1 e5 10. d5 Nc5 11. Bc2 0-0 12. Nge2 Qe7 13. 0-0 Nfd7 14. Qd2 f5 15. exf5 gxf5 16. Bg5 Nf6 17. Ng3 h6 18. Bxh6 f4 19. Bxg7 Qxg7 20. Nce4 Ncxe4 21. Nxe4 Nxe4 22. Bxe4 c5 23. Rf2 Bd7 24. Ra1 Bf5 25. Qc2 Qh7 26. Ra3 Bxe4 27. Qxe4 Rf5 28. Rb3 Rh5 29. Rxb7 Qxb7 30. Qg6+ Qg7 31. Qxh5 Rb8 32. g3 Rb4 33. Rc2 Qh7 34. Qxh7+ Kxh7 35. gxf4 exf4 36. Re2 Rxc4 37. Re6 Rxa4 38. Rxd6 Rd4 39. Kg2 Rd2+ 40. Kh3 Rxb2 41. Rc6 a4 42. Rxc5 Kg6 43. Kg4 Rxh2 44. Kxf4 Kf6 45. Rc6+ Ke7 46. Ra6 Ra2 47. Ke5 a3 48. Ra7+ Ke8 49. Kd6 Ra1 50. f4 Kf8 51. f5 a2 52. f6 Ke8 53. Re7+ Kf8 54. Re2 Rf1 55. Rxa2 Rxf6+ 56. Kd7 Rf7+ 57. Kd8 Rf6 58. Kc7 Rf7+ 59. Kc6 1-0

[Event "EU-Cup (Women) 03rd Gr2"]
[Site "Wuppertal"]
[Date "1998.06.18"]
[Round "2"]
[White "Nikolin, Zorica"]
[Black "Zatonskih, Anna"]
[Result "1/2-1/2"]
[WhiteElo "2245"]
[BlackElo "2340"]
[PlyCount "22"]
[EventDate "1998.06.17"]
[EventType "team-tourn"]
[EventRounds "3"]
[EventCountry "GER"]
[SourceTitle "EXT 2020"]
[Source "ChessBase"]
[SourceDate "2019.10.17"]
[SourceVersion "1"]
[SourceVersionDate "2019.10.17"]
[SourceQuality "1"]
[WhiteTeam "Belgrade Partizan (W)"]
[BlackTeam "Kiev Mriya Grandmaster School (W)"]
[WhiteTeamCountry "YUG"]
[BlackTeamCountry "UKR"]

1. e4 e6 2. d4 d5 3. Nc3 Nf6 4. Bg5 dxe4 5. Nxe4 Be7 6. Bxf6 gxf6 7. Nf3 b6 8. Bb5+ c6 9. Bd3 Bb7 10. Qe2 Nd7 11. 0-0-0 Qc7 1/2-1/2

[Event "YUG-ch51 (Women)"]
[Site "Belgrade"]
[Date "1998.??.??"]
[Round "1"]
[White "Nikolin, Zorica"]
[Black "Maric, Mirjana"]
[Result "0-1"]
[WhiteElo "2245"]
[BlackElo "2280"]
[PlyCount "77"]
[EventDate "1998.04.??"]
[EventType "tourn"]
[EventRounds "13"]
[EventCountry "YUG"]
[SourceTitle "EXT 1999"]
[Source "ChessBase"]
[SourceDate "1998.11.16"]
[SourceVersion "1"]
[SourceVersionDate "1998.11.16"]
[SourceQuality "1"]

1. e4 e5 2. Nf3 Nc6 3. Nc3 Nf6 4. g3 d5 5. exd5 Nxd5 6. Bg2 Nxc3 7. bxc3 Bd6 8. 0-0 0-0 9. Re1 Bg4 10. h3 Bh5 11. g4 Bg6 12. d3 h6 13. Rb1 Rb8 14. g5 hxg5 15. Bxg5 f6 16. Nh4 Be8 17. Bd5+ Bf7 18. Bxf7+ Rxf7 19. Bd2 Ne7 20. Qg4 c6 21. Ng6 f5 22. Qh5 Nxg6 23. Qxg6 Rf6 24. Qg5 Qe8 25. Kf1 Qf7 26. h4 Rg6 27. Qe3 Qxa2 28. h5 Rf6 29. Rec1 Qd5 30. Qh3 e4 31. c4 Qf7 32. Bg5 Re6 33. d4 f4 34. Ke2 Rbe8 35. c5 Be7 36. Rxb7 f3+ 37. Kf1 e3 38. fxe3 Re4 39. Bxe7 0-1